Welcome to the Holygrace Academy Library

Please use search bar below to get started

THE GOD OF SMALL THINGS (Record no. 3863)

MARC details
000 -LEADER
fixed length control field 00626nam a22001457a 4500
020 ## - INTERNATIONAL STANDARD BOOK NUMBER
ISBN 978-0-143-02857-4
082 ## - DEWEY DECIMAL CLASSIFICATION NUMBER
Classification number 823
Item number ROY/G
100 ## - MAIN ENTRY--AUTHOR NAME
Personal name ROY, ARUNDHATI
245 ## - TITLE STATEMENT
Title THE GOD OF SMALL THINGS
260 ## - PUBLICATION, DISTRIBUTION, ETC. (IMPRINT)
Place of publication GURGAON
Name of publisher PENGUIN RANDOM HOUSE
Year of publication 2002
300 ## - PHYSICAL DESCRIPTION
Number of Pages 340
520 ## - SUMMARY, ETC.
Summary, etc Roy's debut novel, is a story about the childhood experiences of fraternal twins whose lives are destroyed by the "Love Laws" prevalent in 1960s Kerala, India. The novel explores how small, seemingly insignificant occurrences, decisions and experiences shape people's behavior in deeply significant ways.
650 ## - SUBJECT ADDED ENTRY--TOPICAL TERM
Topical Term NOVEL
Geographic subdivision INDIA
942 ## - ADDED ENTRY ELEMENTS (KOHA)
Koha item type Books
Holdings
Withdrawn status Lost status Collection code Home library Current library Shelving location Date acquired Source of acquisition Cost, normal purchase price Full call number Accession Number Koha item type
    Fiction Main Library Main Library SHELF-14-K- ALPHABETICAL- R --ENGLISH NOVELS & FICTIONS 28/10/2019 purchase 450.00 823 ROY/G 11786 Books